| 000 | 00669nam a2200205 i 4500 | ||
|---|---|---|---|
| 001 | 55384 | ||
| 003 | ES-MaACL | ||
| 005 | 20230906163131.0 | ||
| 007 | t| | ||
| 008 | 030918s1912 sz ||||1| fre d | ||
| 100 | 1 |
_aDeonna, Waldemar. _943747 |
|
| 245 | 1 | 2 |
_aL'archeologie _b: sa valeur, ses methodes / _cWaldemar Deonna. |
| 260 |
_a[Geneve : _bAlbert Kündig], _c1912. |
||
| 300 |
_a3 v. ; _c24 cm. |
||
| 505 | 8 | _aContiene: I: Les methodes archeologiques. -- II: Les lois de l'art. -- III: Les rythmes artistiques | |
| 740 | 4 | _aLes methodes archeologiques. | |
| 740 | 4 | _aLes lois de l'art. | |
| 740 | 4 | _aLes rythmes artistiques. | |
| 852 |
_aES-MaACL _jC-1665-67 |
||
| 999 |
_c55384 _d55384 |
||